书目信息 |
| 题名: |
遗传学考研精解
|
|
| 作者: | 卢龙斗 主编 | |
| 分册: | ||
| 出版信息: | 北京 科学出版社 2007.08 |
|
| 页数: | 370页 | |
| 开本: | 24cm | |
| 丛书名: | 生命科学辅导丛书 | |
| 单 册: | ||
| 中图分类: | Q3 | |
| 科图分类: | ||
| 主题词: | 遗传学--yi chuan xue--研究生--入学考试--升学参考资料 | |
| 电子资源: | ||
| ISBN: | 978-7-03-019835-8 | |
| 000 | 00947nam 2200253 450 | |
| 001 | 012007735442 | |
| 005 | 20071227111949.54 | |
| 010 | @a978-7-03-019835-8@dCNY29.00 | |
| 100 | @a20071227d2007 km y0chiy0120 ea | |
| 101 | 0 | @achi |
| 102 | @aCN@b110000 | |
| 105 | @ay z 000yy | |
| 106 | @ar | |
| 200 | 1 | @a遗传学考研精解@Ayi chuan xue kao yan jing jie@f卢龙斗主编@Flu long dou zhu bian |
| 210 | @a北京@c科学出版社@d2007.08 | |
| 215 | @a370页@d24cm | |
| 225 | 2 | @a生命科学辅导丛书@Asheng ming ke xue fu dao cong shu@i生命科学考研精解系列 |
| 330 | @a本书收集了国内50多所高校、科研院所近五年来的部分考研试题,选择了近几年出版的一些遗传学教材中的典型例题,也有参编教师自己设计的试题。 | |
| 410 | 0 | @12001 @a生命科学辅导丛书@i生命科学考研精解系列 |
| 606 | 0 | @a遗传学@Ayi chuan xue@x研究生@x入学考试@j升学参考资料 |
| 690 | @aQ3@v4 | |
| 701 | 0 | @a卢龙斗@Alu long dou@4主编 |
| 801 | 0 | @aCN@bQSSK@c20071227 |
| 905 | @b272588-90@dQ3@eL786@f3 | |
| 遗传学考研精解/卢龙斗主编.-北京:科学出版社,2007.08 |
| 370页;24cm.-(生命科学辅导丛书.生命科学考研精解系列) |
| ISBN 978-7-03-019835-8:CNY29.00 |
| 本书收集了国内50多所高校、科研院所近五年来的部分考研试题,选择了近几年出版的一些遗传学教材中的典型例题,也有参编教师自己设计的试题。 |
| ● |
| 相关链接 |
|
|
|
正题名:遗传学考研精解
索取号:Q3/L786
 
预约/预借
| 序号 | 登录号 | 条形码 | 馆藏地/架位号 | 状态 | 备注 |
| 1 | 272588 | 202725881 | 自科库401/ [索取号:Q3/L786] | 在馆 | |
| 2 | 272589 | 202725890 | 自科库401/401自科库 27排1列3层/ [索取号:Q3/L786] | 在馆 |